000 00827nam a2200229 a 4500
001 37987
003 BD-RjUL
005 20211209052712.0
008 150822r20031988bg ||||| |||| 00| 0 ben d
020 _a984074397X
035 _a(BD-RjUL)38092
040 _aBD-RjUL
_beng
_cBD-RjUL
041 _aben
082 _a781.09
_bKHM 2003
100 _aখান, মোবারক হোসেন
_9117672
245 _aসংগীত মালিকা = (Music : Thoery and HIstory) /
_cমোবারক হোসেন খান
260 _aঢাকা :
_bবাংলা একাডেমী,
_c২০০৩
300 _a১১, ১৮৮ পৃ. ;
_c২৪ সেমি.
650 _aসংগীত তত্ত্ব
_vইতিহাস
_9117673
650 _aMusic theory
_vHistory.
_9117674
942 _2ddc
_cBK
999 _c37987
_d37987